000 00182nam a2200085 4500
001 1241547
005 20251013113802.0
245 _aMASAL ANTOLOJİSİ
_cVURAL KAYA
260 _bYEDİVEREN
999 _c1241547
_d1241547